Victoria 2 Ethnicities: Asia - Statistics

General Stats
  • This quiz has been taken 53 times
  • The average score is 32 of 66
Answer Stats
Answer % Correct
Persian
93%
Kazakh
91%
Turkish
89%
Tajik
87%
Bengali
85%
Japanese
85%
Kyrgyz
85%
Turkmen
85%
Georgian
83%
Korean
83%
Mongol
83%
Uzbek
83%
Armenian
80%
Malay
80%
Min
80%
Azerbaijani
78%
Khmer
78%
Lao
78%
Thai
78%
Vietnamese
78%
Pashtun
74%
Tamil
74%
Burmese
72%
Nepali
70%
Filipino
65%
Kurdish
65%
Tibetan
63%
Javan
61%
Gujarati
59%
Manchu
57%
Marathi
52%
Ainu
48%
Yue
46%
Assamese
41%
Hakka
39%
Kannada
37%
Oriya
37%
Siberian
37%
Bedouin
35%
Kashmiri
35%
Malayalam
35%
Karen
33%
Shan
33%
Sinhala
33%
Baluchi
30%
Tatar
30%
Mashriqi
26%
Yakut
26%
Panjabi
22%
Yi
22%
Zhuang
22%
Bihari
20%
Asian Minor
15%
Hazara
15%
Kachi
15%
Manipuri
15%
Miao
13%
Sindi
13%
Avadhi
11%
Rajput
9%
Telegu
9%
Uigur
7%
Beifaran
4%
Nanfaran
4%
Kanauji
2%
Moluccan
2%
No matching quizzes found
Score Distribution
Percent of People with Each Score
Percentile by Number Answered
Your Score History
You have not taken this quiz